ՀՀ Գիտությունների ազգային ակադեմիայի հիմնարար գիտական գրադարան  =   Fundamental Scientific Library of NAS RA

История Ассирии : (Record no. 423512)

MARC details
000 -LEADER
fixed length control field 01160nam a2200241 a 4500
003 - CONTROL NUMBER IDENTIFIER
control field AM-YeHGA
005 - DATE AND TIME OF LATEST TRANSACTION
control field 20250617154956.0
008 - FIXED-LENGTH DATA ELEMENTS--GENERAL INFORMATION
fixed length control field 170915s1902 ru a||||r|||||000|0|rus||
040 ## - CATALOGING SOURCE
Original cataloging agency AM-YeHGA
041 0# - LANGUAGE CODE
Language code of text/sound track or separate title rus
090 ## - LOCALLY ASSIGNED LC-TYPE CALL NUMBER (OCLC); LOCAL CALL NUMBER (RLIN)
-- 425959
100 1# - MAIN ENTRY--PERSONAL NAME
Personal name Рагозина, Зинаида Алексеевна
245 10 - TITLE STATEMENT
Title История Ассирии :
Remainder of title От возвышения ассирийской державы до падения Ниневии : С 101 рисунком и 2-мя картами, печат. красками /
Statement of responsibility, etc. З.А. Рагозиной, чл. лондонск. и великобританск. "О-ва изучения Азии".
246 13 - VARYING FORM OF TITLE
Title proper/short title Исторiя Ассирiи
250 ## - EDITION STATEMENT
Edition statement 2-е изд., стереотип.
260 ## - PUBLICATION, DISTRIBUTION, ETC.
Place of publication, distribution, etc. С.-Петербург :
Name of publisher, distributor, etc. Издание А.Ф. Маркса,
Date of publication, distribution, etc. [1902].
300 ## - PHYSICAL DESCRIPTION
Extent XIV, 500 с. :
Other physical details ил. ;
Dimensions 21 см.
490 1# - SERIES STATEMENT
Series statement Древнейшая история Востока
650 14 - SUBJECT ADDED ENTRY--TOPICAL TERM
Topical term or geographic name entry element История
Geographic subdivision Ассирия
650 14 - SUBJECT ADDED ENTRY--TOPICAL TERM
Topical term or geographic name entry element История Древнего мира
Geographic subdivision Восток
830 #0 - SERIES ADDED ENTRY--UNIFORM TITLE
Uniform title Древнейшая история Востока
942 ## - ADDED ENTRY ELEMENTS (KOHA)
Source of classification or shelving scheme Universal Decimal Classification
Koha item type Գրքեր / Books
Holdings
Withdrawn status Lost status Damaged status Not for loan Collection Home library Current library Date acquired Total checkouts Full call number Barcode Date last seen Price effective from Koha item type Public note
        General Fundamental Scientific Library Fundamental Scientific Library 20/06/2019   РД II/62310 FL0583528 20/06/2019 20/06/2019 Գրքեր / Books 30 Days Loan
        General Fundamental Scientific Library Fundamental Scientific Library 21/06/2019   РД II/62388 FL0583606 21/06/2019 21/06/2019 Գրքեր / Books 30 Days Loan


ՀՀ ԳԱԱ հիմնարար գիտական գրադարան
ՀՀ,Երևան 0019
Մարշալ Բաղրամյան 24/6
հեռախոս:(374-10) 52-47-50
Հետադարձ կապ

All site content, except where otherwise noted, is licensed under a
Creative Commons License